Science Quiz

Random Science Quiz
Score 0/8 Timer 03:00
0 Plays Today
Description Step % Correct
Divided into the G1, S, and G2 phases, this is the phase during which DNA is replicated and the cell growsInterphase
93.8%
During this phase, chromosomes line up in the center of the cell on a plate that shares its name with this stepMetaphase
93.8%
During this phase, chromatids seperate and are pulled to opposite poles of the cellAnaphase
92.7%
During this phase, the chromosomes condenseProphase
91.1%
During this phase, the nuclear envelope reformsTelophase
87.5%
This is the term for what occurs between G2 and CytokenesisMitosis
55.2%
During this phase, the nuclear envelope breaks down and chromosomes are attached to spindle fibersPrometaphase
33.3%
This is the process by which the cell divides; directly after MitosisCytokenesis
25.5%
Remove Ads.
Support Sporcle.
Get the best of Sporcle when you Go Orange. This ad-free experience offers more features, more stats, and more fun while also helping to support Sporcle. Thank you for becoming a member.

You're not logged in!

Compare scores with friends on all Sporcle quizzes.
OR
Log In

Show Comments

Extras

Created Oct 25, 2010ReportNominate
Tags:cell, Cycle, description, Order, Starting, step

Top Quizzes Today


Score Distribution

Your Account Isn't Verified!

In order to create a playlist on Sporcle, you need to verify the email address you used during registration. Go to your Sporcle Settings to finish the process.

Report this User

Report this user for behavior that violates our Community Guidelines.

Details: